2000 years of Christ's power. part three : (Record no. 4824)

MARC details
000 -LEADER
fixed length control field 00749cam a22002292 4500
001 - CONTROL NUMBER
control field 0000000611
005 - DATE AND TIME OF LATEST TRANSACTION
control field 20151217151751.0
008 - FIXED-LENGTH DATA ELEMENTS--GENERAL INFORMATION
fixed length control field 070213s xx 000 0 eng d
020 ## - INTERNATIONAL STANDARD BOOK NUMBER
International Standard Book Number 0946462666 :
040 ## - CATALOGING SOURCE
Original cataloging agency KABU
Transcribing agency KABU
050 #0 - LIBRARY OF CONGRESS CALL NUMBER
Classification number BR280
Item number .N44
100 1# - MAIN ENTRY--PERSONAL NAME
Personal name Needham, N. R.
-- 0000160691
245 10 - TITLE STATEMENT
Title 2000 years of Christ's power. part three :
Remainder of title renaissance and reformation /
Statement of responsibility, etc. N. R. Needham.
260 ## - PUBLICATION, DISTRIBUTION, ETC. (IMPRINT)
Place of publication, distribution, etc. London :
Name of publisher, distributor, etc. Grace Publications,
Date of publication, distribution, etc. 2004.
300 ## - PHYSICAL DESCRIPTION
Extent 624 p.
650 #0 - SUBJECT ADDED ENTRY--TOPICAL TERM
Topical term or geographic name as entry element Church history
Chronological subdivision Modern period, 1500-.
-- 0000160693
852 1# - LOCATION
-- p 600 KES
908 ## - PUT COMMAND PARAMETER (RLIN)
Put command parameter 070213
950 ## - LOCAL HOLDINGS (RLIN)
-- 1
Holdings
Withdrawn status Lost status Source of classification or shelving scheme Not for loan Home library Current library Date acquired Total Checkouts Full call number Barcode Date last seen Date last checked out Price effective from Koha item type
    Library of Congress Classification   Kabarak, Main Campus Kabarak, Main Campus 17/12/2015 1 BR280 .N44 c. 1 000742 02/08/2024 21/05/2018 17/12/2015 General Collection
    Library of Congress Classification   Kabarak, Main Campus Kabarak, Main Campus 17/12/2015   BR280 .N44 c. 2 15044 02/08/2024   17/12/2015 General Collection
    Library of Congress Classification   Kabarak, Main Campus Kabarak, Main Campus 17/12/2015   BR280 .N44 c. 3 013543 02/08/2024   17/12/2015 General Collection
Designed with assistance from East African Informatics Ltd